Dret a la mort digna : Si tu no decideixes quin final desitges per a la teva vida, altres persones ho decidiran per tu Si tu no decideixes quin final desitges per a la teva vida, altres persones ho decidiran per tu
Descripción Física:
1 díptic ; il·lustracions color ; 10 x 21 cm
Idioma:
Catalán
MARC
| LEADER | 00000nam a22000007a 4500 | ||
|---|---|---|---|
| 001 | 28854 | ||
| 003 | AGDB | ||
| 005 | 20260324181531.0 | ||
| 008 | 250514b spa||||| |||| 00| 0 cat d | ||
| 017 | |a B 11906-2024 | ||
| 040 | |a agdb |b cat | ||
| 245 | |a Dret a la mort digna : |b Si tu no decideixes quin final desitges per a la teva vida, altres persones ho decidiran per tu | ||
| 260 | |a [Barcelona] : |b Associació Dret a Morir Dignament : |b Diputació de Barcelona ; |c 2024 | ||
| 300 | |a 1 díptic ; |b il·lustracions color ; |c 10 x 21 cm | ||
| 650 | 0 | |a Dret a la mort |9 72047 | |
| 650 | 0 | |a Documents de voluntats anticipades |9 72048 | |
| 655 | 0 | |a Fulletons |9 55858 | |
| 710 | 2 | |a Associació Dret a Morir Dignament |9 72049 | |
| 942 | |2 udc |c ARXIU |n 1 | ||
| 952 | |0 0 |1 0 |4 0 |6 FU7873 |7 1 |9 98088 |a Arxiu |b Arxiu |d 2025-05-14 |l 0 |o FU-78-73 |p 28854 |r 2025-05-14 00:00:00 |w 2025-05-14 |y ARXIU | ||
| 999 | |c 129870 |d 129870 | ||